000 01814cac a2200457 i 4500
003 EG-GICUC
005 20260121101642.0
008 940418c19929999enkar fr 0 a0eng d
040 _aNDL
_beng
_cNDL
_dDLC
_dOCLCQ
_dNLGGC
_dLVB
_dOCLCG
_dYLS
_dOCLCQ
_dOCLCF
_dOCLCO
_dYDXCP
_dDLC
_dOCL
_dOCLCQ
_dOCLCO
_dOCL
_dOCLCL
_dEG-GICUC
_erda
043 _ae-uk---
050 0 0 _aKD8329
_b.A812
082 0 0 _a343.39
_221
092 0 4 _221
099 _aLaw 10 2000
245 0 0 _aArchbold :
_b criminal pleading, evidence, and practice.
264 _aLondon :
_bSweet & Maxwell,
_c2000.
300 _acclxviii, 3013 pages ;
_c25 cm
336 _atext
_btxt
_2rdacontent
337 _aunmediated
_bn
_2rdamedia
338 _avolume
_bnc
_2rdacarrier
362 0 _a1992-
580 _aThe 1st-43th eds. published as monographs.
588 _aLatest issue consulted: 2014.
590 _aSERBIB/SERLOC merged record
650 0 _aCriminal procedure
_zGreat Britain.
650 0 _aEvidence, Criminal
_zGreat Britain.
650 0 _aPleading (Criminal procedure)
_zGreat Britain.
650 0 _aCriminal procedure
_zGreat Britain
_vPeriodicals.
650 0 _aEvidence, Criminal
_zGreat Britain
_vPeriodicals.
650 0 _aPleading
_zGreat Britain
_vPeriodicals.
650 6 _aPlaidoirie (Procédure pénale)
_zGrande-Bretagne.
700 1 _aArchbold, John Frederick,
_d1785-1870.
_1https://id.oclc.org/worldcat/entity/E39PBJrKP7kVKghM3yGYX4Dg8C
740 0 _aSentencing guidelines.
740 0 _aArchbold, sentencing guidelines.
770 1 _tArchbold news
_x0961-4249
_w(OCoLC)23441480
770 1 _tArchbold review
_w(DLC) 2010247015
_w(OCoLC)537556071
776 0 8 _iOnline version:
_tArchbold
_w(OCoLC)742281778
856 4 0 _uhttps://fll.law.cu.edu.eg/fulltext/bks/ENGB10-00143.pdf
905 _a10
942 _2ddc
_cBK
_e21
_n0
999 _c54253
_d54253